000 02119cam a2200229 4500
001 L136286
008 070123n2006 000 0 eng u
035 _a(Sirsi) u136286
041 0 _aeng
050 0 4 _a332.6324 $2 18
110 2 _aParagon Mortgages
_94976
245 0 0 _aParagon Mortgages buy-to-let index
_bNovember 2006
_h[electronic resource]
260 _aSolihull
_bParagon Mortgages
_c2006
490 0 0 _aParagon Mortgages Buy-to-Let Index
_vNovember 2006
505 1 _aHighlights -- Averages -- Rental yield average for England and Wales -- Property value and rental income average for England and Wales -- Landlord property value, rental value, yield and percentage change by region -- Landlord property yields by region -- Landlord property values by region -- Landlord rental incomes by region -- Landlord property value, rental value, yield and percentage change by property type
520 _aTotal returns across the UK have risen significantly this month, up 2.8% from 10.5% in September to 13.3% - the highest in four months. For the second consecutive month, the North heads the table in terms of overall returns over a 12 month period at 26.1%. It is followed by the South East (24.2%) and Greater London (16.9%). Rental yields remained consistent in October at 6.0%. Regions with the highest yields were Wales (6.6%), the South West (6.5%), and the North West (6.4%). Average rental incomes have risen from £10 025 in September to £10 039 this month, up 0.1%. Average property values rose by £1 143 from £166 417 in September to £167 560 in October, a rise of 0.7% over the month. They are 6.8% higher than a year ago. Regionally, the top performers by rising property values are the North (19.6%), the South East (18.0%) and Greater London (11.0%). Graphs and tables.
650 2 4 _aPARAGON MORTGAGES BUY-TO-LET INDEX
651 4 _aEngland and Wales
_y1543-
690 _aPROPERTY-RESIDENTIAL PROPERTY-RESIDENTIAL PROPERTY MARKET
856 _uhttps://www.paragon-mortgages.co.uk/mortgagehome.nsf/BTLIndex
_zView the index free of charge at www.paragon-mortgages.co.uk...
942 _n0
999 _c106355
_d106355